000 01879nam a22002897a 4500
005 20120224115839.0
010 _aB-461637-642
020 _a9780143033332
_c350.00
035 _aB-461637-642
037 _bVirtuous/Ven
082 _a230.1
100 _aBanker, Ashok K.
_948726
245 _aPrince of Ayodhya /
_cby Ashok K. Banker
260 _aNew Delhi
_bPenguin Books
_c2005
270 _a11, Community Centre, panchsheel Park,
_bNew Delhi
_e110017
300 _axxvi, 517p
_c18 cm. (pbk)
490 _aThe Ramayana
_vbk. 1
_948727
700 _942986
942 _2ddc
_cEN
_mBAN
_h230.1
999 _c67063
_d67063